ბათუმის შოთა რუსთაველის სახელმწიფო უნივერსიტეტის ბიბლიოთეკა

ხელისუფლება და საზოგადოება.#4(40) ტომი 2. 2016. (ბიბ.ჩანაწერი № 53918)

000 -LEADER
fixed length control field 00867nam a2200193Ia 4500
001 - CONTROL NUMBER
control field 20969
003 - CONTROL NUMBER IDENTIFIER
control field GE_BSU
008 - FIXED-LENGTH DATA ELEMENTS--GENERAL INFORMATION
fixed length control field 181216s||||||||xx |||||||||||||| ||und||
040 ## - CATALOGING SOURCE
Transcribing agency GE_BSU
245 ## - TITLE STATEMENT
Title ხელისუფლება და საზოგადოება.#4(40) ტომი 2. 2016.
245 ## - TITLE STATEMENT
Remainder of title სამეცნიერო ჟურნალი.ისტორია,თეორია,პრაქტიკა.
245 ## - TITLE STATEMENT
Statement of responsibility, etc. მთ.რედ:შოთა დოღონაძე.
260 ## - PUBLICATION, DISTRIBUTION, ETC.
Place of publication, distribution, etc. თბილისი
260 ## - PUBLICATION, DISTRIBUTION, ETC.
Date of publication, distribution, etc. 2016
300 ## - PHYSICAL DESCRIPTION
Extent 173გვ. 20სმ.
653 ## - INDEX TERM--UNCONTROLLED
Uncontrolled term სამეცნიერო ჟურნალი.ისტორია,თეორია,პრაქტიკა.
653 ## - INDEX TERM--UNCONTROLLED
Uncontrolled term ხელისუფლება და საზოგადოება.#4(40) ტომი 2. 2016.
942 ## - ADDED ENTRY ELEMENTS (KOHA)
Koha item type პერიოდიკა
ეგზემპლარები
Withdrawn status Lost status Damaged status Not for loan Date acquired Barcode Date last seen Price effective from Koha item type Public note
        2018-12-17 p 78620 2018-12-17 2018-12-17 პერიოდიკა პერიოდიკა